Handbbok of best practices for management of intellectual property in Health Research and development / (Record no. 1903)

MARC details
000 -LEADER
fixed length control field 00665nam a22001817a 4500
003 - CONTROL NUMBER IDENTIFIER
control field OSt
005 - DATE AND TIME OF LATEST TRANSACTION
control field 20150527160955.0
008 - FIXED-LENGTH DATA ELEMENTS--GENERAL INFORMATION
fixed length control field 150527b xxu||||| |||| 00| 0 eng d
040 ## - CATALOGING SOURCE
Transcribing agency 04
082 ## - DEWEY DECIMAL CLASSIFICATION NUMBER
Classification number HAN 2005
245 ## - TITLE STATEMENT
Title Handbbok of best practices for management of intellectual property in Health Research and development /
Statement of responsibility, etc. Ediited by Richard T. Mahoney
260 ## - PUBLICATION, DISTRIBUTION, ETC. (IMPRINT)
Place of publication, distribution, etc. UK:
Name of publisher, distributor, etc. The Centre for management of intellectual property in Health Research and development ;
Date of publication, distribution, etc. 2005
300 ## - PHYSICAL DESCRIPTION
Extent v, 276 p
Other physical details ill;
Dimensions 30 cm.
504 ## - BIBLIOGRAPHY, ETC. NOTE
Bibliography, etc includes references and Index
650 ## - SUBJECT ADDED ENTRY--TOPICAL TERM
Topical term or geographic name as entry element Intellectual property
9 (RLIN) 5002
700 ## - ADDED ENTRY--PERSONAL NAME
Relator code Editor
Personal name Mahoney Richard T
9 (RLIN) 5003
942 ## - ADDED ENTRY ELEMENTS (KOHA)
Source of classification or shelving scheme Other/Generic Classification Scheme
Koha item type Short Loan
Holdings
Withdrawn status Lost status Source of classification or shelving scheme Damaged status Not for loan Home library Current library Date acquired Source of acquisition Inventory number Total Checkouts Full call number Barcode Date last seen Price effective from Koha item type
    Other/Generic Classification Scheme     MUST Main Library MUST Main Library 27/05/2015   2205/25025   HAN 2005 2015-1633 27/05/2015 27/05/2015 Short Loan